000
00301nam a2200121Ia 4500
008
220216s9999 xx 000 0 und d
100
_a
Loh Leon
245
0
_a
Global synthetic rubber industrial outlook
260
_b
Rubber India
_c
2011
300
_a
42-52
650
_a
Synthetic rubber
942
_c
JS
999
_c
59978
_d
59978